Normal view MARC view
  • Lail, Benjamin M.

Entry Personal Name

Number of records used in: 3

001 - CONTROL NUMBER

  • control field: 3502

003 - CONTROL NUMBER IDENTIFIER

  • control field: NUST

005 - DATE AND TIME OF LATEST TRANSACTION

  • control field: 20170720122938.0

008 - FIXED-LENGTH DATA ELEMENTS

  • fixed length control field: 170720|| aca||aabn | a|a d

040 ## - CATALOGING SOURCE

  • Original cataloging agency: NUST
  • Transcribing agency: NUST

100 ## - HEADING--PERSONAL NAME

  • Personal name: Lail, Benjamin M.

670 ## - SOURCE DATA FOUND

  • Source citation: Work cat.: (NUST)0: Lail, Benjamin M., Broadband network & device security /, c2002.
© 2023 Central Library, National University of Sciences and Technology. All Rights Reserved.